LEADER 01414nam1 2200421 450 001 990001121990203316 005 20031016135222.0 035 $a000112199 035 $aUSA01000112199 035 $a(ALEPH)000112199USA01 035 $a000112199 100 $a20030109d2002----km-y0enga50------ba 101 0 $aita 102 $aIT 105 $aa|||z|||001yy 200 1 $aArte del Medioevo e del Rinascimento$fMax Seidel 210 $aVenezia$cMarsilio$dcopyr. 2002- 215 $av.$cill.$d30 cm 225 2 $aCollana del Kunsthistorisches Institut in Florenz Max-Planck-Institut 410 0$12001$aCollana del Kunsthistorisches Institut in Florenz Max-Planck-Institut 463 \1$1001990001144480203316$12001 $a<> Pittura 463 \1$1001990001200030203316$12001 $a<> Architettura e scultura 606 0 $aArte$zSec. 13.-16. 676 $a709.45 700 1$aSEIDEL,$bMax$07119 801 0$aIT$bsalbc$gISBD 912 $a990001121990203316 951 $aVII E 700/$bL.M.$cVII E 959 $aBK 969 $aUMA 979 $aMARIA$b10$c20030109$lUSA01$h1036 979 $aPAOLA$b90$c20031016$lUSA01$h1332 979 $aPAOLA$b90$c20031016$lUSA01$h1332 979 $aPAOLA$b90$c20031016$lUSA01$h1341 979 $aPAOLA$b90$c20031016$lUSA01$h1352 979 $aPATRY$b90$c20040406$lUSA01$h1717 996 $aArte del Medioevo e del Rinascimento$9981818 997 $aUNISA LEADER 02454nam 2200589 450 001 9910480984303321 005 20170822144423.0 010 $a1-4704-0361-7 035 $a(CKB)3360000000464947 035 $a(EBL)3114502 035 $a(SSID)ssj0000973891 035 $a(PQKBManifestationID)11553215 035 $a(PQKBTitleCode)TC0000973891 035 $a(PQKBWorkID)10985162 035 $a(PQKB)10189983 035 $a(MiAaPQ)EBC3114502 035 $a(PPN)19541649X 035 $a(EXLCZ)993360000000464947 100 $a20020613h20022002 uy| 0 101 0 $aeng 135 $aur|n|---||||| 181 $ctxt 182 $cc 183 $acr 200 10$aSegre's reflexivity and an inductive characterization of hyperquadrics /$fYasuyuki Kachi, Eiichi Sato 210 1$aProvidence, Rhode Island :$cAmerican Mathematical Society,$d[2002] 210 4$dİ2002 215 $a1 online resource (133 p.) 225 1 $aMemoirs of the American Mathematical Society,$x0065-9266 ;$vnumber 763 300 $a"Volume 160, number 763 (end of volume)." 311 $a0-8218-3225-5 320 $aIncludes bibliographical references (pages 105-116). 327 $a""Contents""; ""0. Introduction""; ""1. The universal pseudoa???quotient for a family of subvarieties""; ""2. Normal bundles of quadrics in X a??? The splitting type on lines""; ""3. Morphisms from quadrics to Grassmannians.""; ""4. Pointwise uniform vector bundles on non-singular quadrics""; ""5. Theory of extensions of families over Hilbert schemes.""; ""6. Existence of algebraic quotient a??? proof of Theorem 0.3""; ""A. Appendix. Deformations of vector bundles on infinitesimallyrigid projective varieties with null global ia???forms""; ""References"" 410 0$aMemoirs of the American Mathematical Society ;$vno. 763. 606 $aVarieties (Universal algebra) 606 $aAlgebraic cycles 606 $aIntersection theory 608 $aElectronic books. 615 0$aVarieties (Universal algebra) 615 0$aAlgebraic cycles. 615 0$aIntersection theory. 676 $a510 s 676 $a516.3/53 700 $aKachi$b Yasuyuki$f1969-$0304480 702 $aSato$b Eiichi$f1947- 801 0$bMiAaPQ 801 1$bMiAaPQ 801 2$bMiAaPQ 906 $aBOOK 912 $a9910480984303321 996 $aSegre's reflexivity and an inductive characterization of hyperquadrics$92100125 997 $aUNINA LEADER 02536nam 2200565 450 001 9910821000103321 005 20230803035403.0 010 $a1-4438-6798-5 035 $a(CKB)3710000000250183 035 $a(EBL)1800506 035 $a(SSID)ssj0001416136 035 $a(PQKBManifestationID)11792021 035 $a(PQKBTitleCode)TC0001416136 035 $a(PQKBWorkID)11353394 035 $a(PQKB)10273810 035 $a(Au-PeEL)EBL1800506 035 $a(CaPaEBR)ebr10949394 035 $a(CaONFJC)MIL649255 035 $a(OCoLC)892243616 035 $a(MiAaPQ)EBC1800506 035 $a(EXLCZ)993710000000250183 100 $a20141015d2013 uy| 0 101 0 $aeng 135 $aur|n|---||||| 181 $ctxt 182 $cc 183 $acr 200 10$aTwo phase sampling /$fby Zahoor Ahmad, Muhammad Qaiser Shahbaz and Muhammad Hanif 210 1$aNewcastle upon Tyne :$cCambridge Scholars Publishing,$d2013. 215 $a1 online resource (243 p.) 300 $aDescription based upon print version of record. 311 $a1-4438-4595-7 311 $a1-322-17991-3 320 $aIncludes bibliographical references. 327 $aCONTENTS; PREFACE; CHAPTER ONE; SECTION-I: SINGLE-PHASE SAMPLING WITH AUXILIARY VARIABLE; CHAPTER TWO; CHAPTER THREE; SECTION-II: TWO-PHASE SAMPLING WITH AUXILIARY VARIABLE; CHAPTER FOUR; CHAPTER FIVE; SECTION-III: SINGLE AND TWO PHASE SAMPLING WITHMULTI-AUXILIARY VARIABLE; CHAPTER SIX; CHAPTER SEVEN; SECTION-IV: SINGLE AND TWO PHASE SAMPLING WITH AUXILIARY ATTRIBUTES; CHAPTER EIGHT; CHAPTER NINE; REFERENCES; APPENDICES 330 $aThe development of estimators of population parameters based on two-phase sampling schemes has seen a dramatic increase in the past decade. Various authors have developed estimators of population using either one or two auxiliary variables. The present volume is a comprehensive collection of estimators available in single and two phase sampling. The book covers estimators which utilize information on single, two and multiple auxiliary variables of both quantitative and qualitative nature. Th... 606 $aSampling (Statistics) 615 0$aSampling (Statistics) 676 $a519.5 676 $a519.52 700 $aAhmad$b Zahoor$01643488 702 $aShahbaz$b Muhammad Qaiser 702 $aH?ani?f$b Muh?ammad 801 0$bMiAaPQ 801 1$bMiAaPQ 801 2$bMiAaPQ 906 $aBOOK 912 $a9910821000103321 996 $aTwo phase sampling$93988773 997 $aUNINA